000
00315nam a2200121Ia 4500
005
20251222152633.0
008
251222s9999||||xx |||||||||||||| ||spa||
082
_a
327.85/P77
100
_a
Pons Muzzo, Gustavo
245
0
_a
Estudio Histórico Sobre el Protocolo de Rio de Janeiro
264
_b
Bruño
942
_c
LIB
999
_c
27790
_d
27790